Vytvorenie webového rozhrania v CMS Joomla pre online objednávkový systém reštauračného zariadenia bakalárska práca

Salvato in:
Dettagli Bibliografici
Autore principale: Oravec, Šimon
Ente Autore: Fakulta hospodárskej informatiky EU. Katedra aplikovanej informatiky
Altri autori: Procházka, Peter, 1968-
Natura: Libro
Lingua:slovacco
Pubblicazione: Bratislava 2021
Tags: Aggiungi Tag
Nessun Tag, puoi essere il primo ad aggiungerne!!

MARC

LEADER 00000nbm a2200000 4500
001 0276234
005 20220317105538.0
041 0 |a slo 
044 |a SK 
245 1 0 |a Vytvorenie webového rozhrania v CMS Joomla pre online objednávkový systém reštauračného zariadenia  |b bakalárska práca  |c Šimon Oravec ; školiteľ: Peter Procházka 
264 1 |a Bratislava  |c 2021 
300 |a 53 s. 
100 1 |a Oravec, Šimon 
700 1 |a Procházka, Peter, 1968- 
710 2 |a Fakulta hospodárskej informatiky EU. Katedra aplikovanej informatiky